[Event "Grand Prix Russia Final, (rapid) 2015"]
[Site "Khanty-Mansiysk RUS"]
[Date "2015.12.13"]
[Round "5"]
[White "Riazantsev, Alexander"]
[Black "Bocharov, Dmitry"]
[Result "1/2-1/2"]
[WhiteElo "2646"]
[BlackElo "2558"]
[PlyCount "37"]
[EventDate "2015.12.13"]

1. d4 Nf6 2. c4 e6 3. Nf3 b6 4. a3 Ba6 5. Qb3 Be7 6. Bf4 d5 7. e3 O-O 8. Nc3
dxc4 9. Bxc4 Bb7 10. O-O Nh5 11. Ne5 Nxf4 12. exf4 Nc6 13. Nxc6 Bxc6 14. Rad1
Bd6 15. g3 h6 16. d5 exd5 17. Bxd5 Bxd5 18. Nxd5 Re8 19. Qc4 1/2-1/2

[Event "Grand Prix Russia Final, (rapid) 2015"]
[Site "Khanty-Mansiysk RUS"]
[Date "2015.12.14"]
[Round "6"]
[White "Riazantsev, Alexander"]
[Black "Alekseev, Evgeny"]
[Result "0-1"]
[WhiteElo "2646"]
[BlackElo "2642"]
[PlyCount "118"]
[EventDate "2015.12.13"]

1. d4 Nf6 2. c4 e6 3. Nf3 d5 4. Nc3 Bb4 5. cxd5 exd5 6. Qa4+ Nc6 7. Bg5 h6 8.
Bxf6 Qxf6 9. e3 O-O 10. Be2 Be6 11. a3 Bxc3+ 12. bxc3 Ne7 13. O-O Nc8 14. Rfc1
Nd6 15. Nd2 Rfc8 16. Qb4 b6 17. a4 c5 18. Qa3 Qd8 19. a5 cxd4 20. exd4 b5 21.
a6 Rab8 22. Nb3 Ne4 23. Qb2 Qc7 24. Bd3 Nxc3 25. Nc5 b4 26. Re1 Rb6 27. Re5 Qd8
28. Rae1 Qf6 29. h3 Qf4 30. Nb3 Na4 31. Qe2 Nc3 32. Qb2 Rf8 33. R5e3 Qf6 34.
Rf3 Qh4 35. Qd2 Ne4 36. Qb2 Rc8 37. Bxe4 dxe4 38. Rfe3 Bd5 39. Nc5 f5 40. Nd7
Rb5 41. Rc1 Qd8 42. Nc5 Rb6 43. Rb1 Rcc6 44. Qd2 b3 45. Rg3 Kh7 46. Qf4 Rf6 47.
Rb2 Qd6 48. Qd2 f4 49. Rc3 Rg6 50. Qe1 Qe7 51. Kh2 Qg5 52. g3 e3 53. Nd7 exf2
54. Qxf2 fxg3+ 55. Rxg3 Qxg3+ 56. Qxg3 Rxg3 57. Nxb6 Rc3 58. Na4 Rc4 59. Nc5
Rc2+ 0-1

[Event "Grand Prix Russia Final, (rapid) 2015"]
[Site "Khanty-Mansiysk RUS"]
[Date "2015.12.14"]
[Round "7"]
[White "Maletin, Pavel"]
[Black "Riazantsev, Alexander"]
[Result "1/2-1/2"]
[WhiteElo "2577"]
[BlackElo "2646"]
[PlyCount "119"]
[EventDate "2015.12.13"]

1. d4 Nf6 2. c4 e6 3. Nf3 b6 4. g3 Bb4+ 5. Bd2 Be7 6. Nc3 Bb7 7. Bg2 c6 8. e4
d5 9. exd5 cxd5 10. Ne5 O-O 11. O-O Nc6 12. cxd5 Nxe5 13. d6 Nc6 14. dxe7 Qxe7
15. Bg5 h6 16. d5 Na5 17. Bxf6 Qxf6 18. dxe6 Qxe6 19. Re1 Qf6 20. Nd5 Bxd5 21.
Qxd5 Rad8 22. Qe5 Qxe5 23. Rxe5 Nc4 24. Re2 Rfe8 25. Rxe8+ Rxe8 26. b3 Nd6 27.
Rd1 Rd8 28. Kf1 Kf8 29. Rd3 Ke7 30. Ke2 Nb5 31. Rxd8 Kxd8 32. Kd3 Ke7 33. Kc4
Nc7 34. Bd5 f6 35. f4 Kd6 36. Bf7 a5 37. Bg8 Ke7 38. Kd3 Kf8 39. Bh7 Kf7 40.
Be4 Ke6 41. Bb7 Kd6 42. Kc4 Ke7 43. b4 axb4 44. Kxb4 Ke6 45. Kc4 Kf5 46. Bf3
Ke6 47. Be4 Kd6 48. Bc2 Ne6 49. Bf5 Nc7 50. Bc8 Nd5 51. Bh3 Ne3+ 52. Kd4 Nc2+
53. Kc3 Ne3 54. Kd3 Nd5 55. Kd4 Nb4 56. a4 Nc6+ 57. Kc4 Ne7 58. Bf1 Nd5 59. Kd4
Ne7 60. Ke4 1/2-1/2

[Event "Grand Prix Russia Final, (rapid) 2015"]
[Site "Khanty-Mansiysk RUS"]
[Date "2015.12.14"]
[Round "8"]
[White "Riazantsev, Alexander"]
[Black "Shomoev, Anton"]
[Result "1/2-1/2"]
[WhiteElo "2646"]
[BlackElo "2561"]
[PlyCount "43"]
[EventDate "2015.12.13"]

1. d4 d5 2. Bf4 Nf6 3. e3 e6 4. Bd3 Bd6 5. Bg3 b6 6. Nd2 O-O 7. f4 Ba6 8. Ngf3
c5 9. Bxa6 Nxa6 10. O-O Ne8 11. e4 dxe4 12. Nxe4 Be7 13. Qe2 Qc8 14. Rad1 Qb7
15. c3 Nf6 16. Nxf6+ Bxf6 17. Bf2 Rfd8 18. dxc5 Nxc5 19. Rxd8+ Rxd8 20. Rd1
Rxd1+ 21. Qxd1 Qd7 22. Qxd7 1/2-1/2

[Event "Grand Prix Russia Final, (rapid) 2015"]
[Site "Khanty-Mansiysk RUS"]
[Date "2015.12.14"]
[Round "10"]
[White "Riazantsev, Alexander"]
[Black "Girya, Olga"]
[Result "1-0"]
[WhiteElo "2646"]
[BlackElo "2456"]
[PlyCount "81"]
[EventDate "2015.12.13"]

1. d4 d5 2. c4 c6 3. Nf3 Nf6 4. Nc3 e6 5. Bg5 Nbd7 6. Qb3 Be7 7. e3 O-O 8. Bd3
dxc4 9. Qxc4 Nd5 10. Bxe7 Qxe7 11. O-O N5b6 12. Qb3 e5 13. Rfe1 h6 14. a4 exd4
15. exd4 Qd6 16. Ne4 Qf4 17. a5 Nd5 18. Bc4 N7f6 19. Nxf6+ Qxf6 20. Bxd5 cxd5
21. Qxd5 Rd8 22. Qb5 Bd7 23. Qb4 Bc6 24. Ne5 Bd5 25. Ng4 Qg5 26. Ne3 Re8 27. h4
Qd8 28. Rac1 Re4 29. Qc5 Be6 30. d5 Bd7 31. g3 b6 32. axb6 axb6 33. Qd6 Ba4 34.
Qxd8+ Rxd8 35. Nc4 Rxe1+ 36. Rxe1 b5 37. Nb6 Rb8 38. d6 Bb3 39. d7 Be6 40. Rxe6
fxe6 41. Nc8 1-0

[Event "Grand Prix Russia Final, (rapid) 2015"]
[Site "Khanty-Mansiysk RUS"]
[Date "2015.12.15"]
[Round "12"]
[White "Riazantsev, Alexander"]
[Black "Ubiennykh, Ekaterina"]
[Result "1-0"]
[WhiteElo "2646"]
[BlackElo "2283"]
[PlyCount "125"]
[EventDate "2015.12.13"]

1. d4 Nf6 2. c4 g6 3. Nc3 Bg7 4. e4 O-O 5. Be3 d6 6. Be2 e5 7. d5 a5 8. g4 Na6
9. g5 Nd7 10. h4 f5 11. gxf6 Bxf6 12. Nf3 Ndc5 13. h5 g5 14. h6 Kh8 15. Rg1 Rg8
16. Nh2 Qf8 17. Ng4 Bxg4 18. Bxg4 Nb4 19. Bxc5 dxc5 20. a3 Na6 21. Qb3 Be7 22.
Bf5 a4 23. Nxa4 Nb8 24. Nc3 Ra6 25. Qxb7 Qd8 26. Qb3 Rxh6 27. O-O-O Nd7 28. Rh1
Rh4 29. Nb5 Nb6 30. Kb1 Nc8 31. Qc3 Bd6 32. Qg3 Qf6 33. Be6 Rf8 34. Rdg1 Rxh1
35. Rxh1 Ne7 36. Nc3 Kg7 37. Ka2 Qf4 38. Qh3 Qh4 39. Qxh4 gxh4 40. Nd1 Kg6 41.
Rxh4 h5 42. a4 Kg5 43. Rh2 Kf4 44. Nc3 Rh8 45. Ka3 h4 46. a5 Kf3 47. Ka4 Rb8
48. Nb5 Kxe4 49. Rxh4+ Kd3 50. a6 e4 51. a7 Rf8 52. Nxd6 cxd6 53. Kb5 Rxf2 54.
b4 Ra2 55. bxc5 Rxa7 56. cxd6 Ng6 57. Rh3+ Kd4 58. d7 Ra8 59. c5 Ne5 60. c6
Rb8+ 61. Ka6 Nd3 62. c7 Nc5+ 63. Ka7 1-0

[Event "Grand Prix Russia Final, (rapid) 2015"]
[Site "Khanty-Mansiysk RUS"]
[Date "2015.12.15"]
[Round "13"]
[White "Evdokimov, Alexander A"]
[Black "Riazantsev, Alexander"]
[Result "0-1"]
[WhiteElo "2490"]
[BlackElo "2646"]
[PlyCount "106"]
[EventDate "2015.12.13"]

1. d4 d5 2. c4 c6 3. Nf3 Nf6 4. Nc3 e6 5. e3 Nbd7 6. Bd3 dxc4 7. Bxc4 b5 8. Bd3
a6 9. O-O c5 10. a4 b4 11. Ne4 Bb7 12. Nxf6+ Nxf6 13. dxc5 Nd7 14. c6 Bxc6 15.
Nd4 Bb7 16. Be2 Bc5 17. Nb3 Be7 18. Bf3 Bxf3 19. Qxf3 O-O 20. Rd1 Ne5 21. Qe2
Qc7 22. Bd2 Qc4 23. Nd4 Qxe2 24. Nxe2 Rac8 25. Nd4 Nd3 26. Bc1 Nc5 27. Bd2 a5
28. Nb5 Nb3 29. Rab1 Bf6 30. Be1 Rc2 31. Rd3 Nc5 32. Rd2 Rxd2 33. Bxd2 Nxa4 34.
b3 Nc5 35. Kf1 Rd8 36. Ke2 h6 37. Nd4 Bxd4 38. exd4 Rxd4 39. Be3 Rd5 40. Rb2
Ne4 41. Kf3 Nc5 42. Ke2 g5 43. h3 Kg7 44. Rb1 Kg6 45. Rb2 h5 46. Rb1 f5 47. f4
g4 48. Rb2 Ne4 49. Rc2 Nc3+ 50. Kf2 Rd3 51. hxg4 fxg4 52. Rc1 g3+ 53. Kf3 Nd5
0-1

[Event "Grand Prix Russia Final, (rapid) 2015"]
[Site "Khanty-Mansiysk RUS"]
[Date "2015.12.15"]
[Round "15"]
[White "Belous, Vladimir"]
[Black "Riazantsev, Alexander"]
[Result "0-1"]
[WhiteElo "2557"]
[BlackElo "2646"]
[PlyCount "86"]
[EventDate "2015.12.13"]

1. c4 e6 2. Nf3 d5 3. d4 Nf6 4. g3 dxc4 5. Bg2 a6 6. O-O Nc6 7. Qc2 Bd6 8. e4
Nb4 9. Qxc4 Nxe4 10. Nc3 Nf6 11. Bg5 O-O 12. Ne5 Nbd5 13. Rad1 h6 14. Nxd5 hxg5
15. Ne3 Qe7 16. Rfe1 c5 17. Qb3 cxd4 18. N3c4 Bc5 19. Nb6 Rb8 20. Nd3 Bd7 21.
Re5 Bd6 22. Rxg5 Bc6 23. Re1 Bxg2 24. Kxg2 Rfd8 25. h4 Bc7 26. Nc4 b5 27. Nce5
Bxe5 28. Nxe5 Qb7+ 29. Kg1 Rd5 30. Qd3 Qc7 31. f4 Rc8 32. h5 Qc2 33. h6 g6 34.
Nxg6 Rxg5 35. Qxc2 Rxg3+ 36. Qg2 Rxg2+ 37. Kxg2 fxg6 38. Rxe6 Kf7 39. Rxa6 Rd8
40. Rc6 d3 41. Rc1 d2 42. Rd1 Rd3 43. Kf2 Nd5 0-1

[Event "European Championship (blitz) 2015"]
[Site "Minsk BLR"]
[Date "2015.12.18"]
[Round "1"]
[White "Mamedov, Rauf"]
[Black "Popov, Sergey A"]
[Result "1-0"]
[WhiteElo "2650"]
[BlackElo "2096"]
[PlyCount "52"]
[EventDate "2015.12.18"]

1. e4 c5 2. Nf3 d6 3. Bb5+ Bd7 4. Bxd7+ Qxd7 5. O-O Nc6 6. Qe2 g6 7. c3 Bg7 8.
Rd1 e6 9. d4 cxd4 10. cxd4 Nge7 11. Nc3 d5 12. e5 O-O 13. Bf4 a6 14. Na4 Qc7
15. Rac1 Qa5 16. b3 Rac8 17. h4 Rfd8 18. h5 Bf8 19. Bg5 Rd7 20. hxg6 Nxg6 21.
Be3 Rdc7 22. g3 Nb4 23. Rxc7 Rxc7 24. Bd2 b5 25. Nc5 Bxc5 26. dxc5 Rxc5 1-0

[Event "European Championship (blitz) 2015"]
[Site "Minsk BLR"]
[Date "2015.12.18"]
[Round "3"]
[White "Uzhva, Andrey"]
[Black "Mamedov, Rauf"]
[Result "0-1"]
[WhiteElo "2253"]
[BlackElo "2650"]
[PlyCount "60"]
[EventDate "2015.12.18"]

1. d4 d6 2. Nf3 g6 3. g3 Bg7 4. c4 Nd7 5. Bg2 e5 6. Nc3 exd4 7. Nxd4 Ngf6 8.
O-O O-O 9. h3 a6 10. e4 Rb8 11. Be3 Re8 12. Qc2 Ne5 13. b3 c5 14. Nde2 b5 15.
cxb5 axb5 16. Rfd1 b4 17. Nd5 Nxd5 18. Rxd5 Bb7 19. Rdd1 Qe7 20. Rac1 Rbc8 21.
Nf4 c4 22. Nd5 Bxd5 23. Rxd5 c3 24. Bd4 Ra8 25. a4 bxa3 26. Qxc3 Qe6 27. Qb4
Nd3 28. Qd2 Nxc1 29. Qxc1 Bxd4 30. Rxd4 Qxb3 0-1

[Event "European Championship (blitz) 2015"]
[Site "Minsk BLR"]
[Date "2015.12.18"]
[Round "4"]
[White "Mamedov, Rauf"]
[Black "Uzhva, Andrey"]
[Result "1-0"]
[WhiteElo "2650"]
[BlackElo "2253"]
[PlyCount "91"]
[EventDate "2015.12.18"]

1. e4 c5 2. Nf3 d6 3. d4 cxd4 4. Qxd4 Nc6 5. Bb5 Bd7 6. Bxc6 Bxc6 7. Nc3 Nf6 8.
Bg5 e6 9. O-O-O Be7 10. Qd3 Qa5 11. Kb1 O-O-O 12. Bd2 Qb6 13. Be3 Qa5 14. Nd4
Nd7 15. f4 Nc5 16. Nxc6 bxc6 17. Bxc5 Qxc5 18. Qa6+ Kb8 19. Rd3 Ka8 20. Na4 Qb5
21. Qxb5 cxb5 22. Nc3 a6 23. a4 b4 24. Na2 d5 25. exd5 Rxd5 26. Rxd5 exd5 27.
Nc1 Rc8 28. Rd1 Rd8 29. Nd3 Kb7 30. g3 Bd6 31. Nc1 Bc5 32. Nb3 Bb6 33. Re1 Rd7
34. Nc1 Bf2 35. Re2 Bg1 36. Nd3 a5 37. Re1 Bb6 38. Re8 Kc7 39. Ne5 Rd6 40. Re7+
Kc8 41. Rxf7 Bg1 42. Nf3 Bb6 43. Rxg7 h6 44. Ne5 Bg1 45. h4 Bf2 46. h5 1-0

[Event "European Championship (blitz) 2015"]
[Site "Minsk BLR"]
[Date "2015.12.18"]
[Round "5"]
[White "Mamedov, Rauf"]
[Black "Triapishko, Olexandr"]
[Result "1-0"]
[WhiteElo "2650"]
[BlackElo "2471"]
[PlyCount "47"]
[EventDate "2015.12.18"]

1. e4 e5 2. Bc4 Nf6 3. d3 Nc6 4. Nf3 Bc5 5. c3 d6 6. Bb3 O-O 7. Nbd2 h6 8. O-O
a6 9. Re1 Be6 10. Nf1 Re8 11. Ng3 Qd7 12. Nh4 Ne7 13. Be3 Bxe3 14. fxe3 d5 15.
exd5 Nexd5 16. Qf3 Rad8 17. Nhf5 Kh7 18. Rf1 c6 19. c4 Bxf5 20. Nxf5 Nb4 21.
Nxg7 Qe7 22. Nxe8 Nxe8 23. c5 f6 24. Qe4+ 1-0

[Event "European Championship (blitz) 2015"]
[Site "Minsk BLR"]
[Date "2015.12.18"]
[Round "6"]
[White "Triapishko, Olexandr"]
[Black "Mamedov, Rauf"]
[Result "0-1"]
[WhiteElo "2471"]
[BlackElo "2650"]
[PlyCount "86"]
[EventDate "2015.12.18"]

1. e4 e5 2. Nf3 d6 3. Nc3 Nf6 4. g3 g6 5. Bg2 Bg7 6. O-O O-O 7. d3 c5 8. Nd2
Nc6 9. Nc4 Be6 10. Bg5 h6 11. Bxf6 Bxf6 12. Ne3 Bg7 13. Ncd5 b5 14. c3 Ne7 15.
Nxe7+ Qxe7 16. f4 exf4 17. gxf4 b4 18. f5 Bxf5 19. Nd5 Qh4 20. exf5 Be5 21. h3
bxc3 22. bxc3 Rab8 23. Qg4 Qxg4 24. hxg4 Rb2 25. fxg6 Rd2 26. Rf3 f6 27. Rb1
Kg7 28. Rf2 Rxf2 29. Kxf2 Kxg6 30. Be4+ Kg5 31. Kf3 h5 32. gxh5 f5 33. c4 fxe4+
34. Kxe4 Rf2 35. a4 Kxh5 36. Rb7 a5 37. Ra7 Kg4 38. Ne3+ Kg5 39. Nd5 Kg4 40.
Ne3+ Kg5 41. Nd5 Bd4 42. Nb6 Rf5 43. Nd7 d5+ 0-1

[Event "European Championship (blitz) 2015"]
[Site "Minsk BLR"]
[Date "2015.12.18"]
[Round "7"]
[White "Kulaots, Kaido"]
[Black "Mamedov, Rauf"]
[Result "0-1"]
[WhiteElo "2574"]
[BlackElo "2650"]
[PlyCount "121"]
[EventDate "2015.12.18"]

1. e4 d6 2. d4 g6 3. Nf3 Bg7 4. c3 Nf6 5. Bd3 O-O 6. O-O c5 7. h3 Nc6 8. d5 Nb8
9. c4 e5 10. Nc3 Nh5 11. a3 Nd7 12. b4 Nf4 13. Rb1 h6 14. Bc2 b6 15. Nb5 Nf6
16. Bxf4 exf4 17. bxc5 bxc5 18. e5 dxe5 19. Nxe5 a6 20. Nc6 Qd7 21. Nc3 Qd6 22.
Re1 Bd7 23. Ne5 Rab8 24. Nxd7 Qxd7 25. Qf3 Qd6 26. Ne2 Nh5 27. Nc1 Rxb1 28.
Bxb1 Rb8 29. Bc2 Rb2 30. Re8+ Kh7 31. Bd3 Nf6 32. Re2 Rb8 33. Re1 Nd7 34. Bc2
Rb2 35. Re2 Qf6 36. Nd3 Ra2 37. Qxf4 Rxa3 38. Qxf6 Bxf6 39. g3 Kg7 40. Kg2 Rc3
41. Ba4 Nb6 42. Bc6 Nxc4 43. Nxc5 Nd6 44. Nxa6 Nf5 45. Nc7 Nd4 46. Re3 Nf5 47.
Ne8+ Kf8 48. Nxf6 Nxe3+ 49. fxe3 Rxe3 50. d6 Re6 51. d7 Ke7 52. Nd5+ Kd8 53.
Bb5 Re5 54. Bc6 Re6 55. Bb5 Re5 56. Ba4 Rxd5 57. Bc6 Rc5 58. Ba4 Rd5 59. Kf3
Rd3+ 60. Kf2 Rd4 61. Bb5 0-1

[Event "European Championship (blitz) 2015"]
[Site "Minsk BLR"]
[Date "2015.12.18"]
[Round "8"]
[White "Mamedov, Rauf"]
[Black "Kulaots, Kaido"]
[Result "1-0"]
[WhiteElo "2650"]
[BlackElo "2574"]
[PlyCount "69"]
[EventDate "2015.12.18"]

1. e4 c5 2. g3 d5 3. exd5 Qxd5 4. Nf3 Nc6 5. Bg2 Qe6+ 6. Kf1 Nf6 7. d3 g6 8.
Be3 b6 9. Nc3 Bb7 10. h3 Bg7 11. Kg1 O-O 12. Kh2 Rad8 13. Re1 Qc8 14. Qc1 Qa8
15. Nh4 Rd7 16. Ne2 Rfd8 17. Bh6 Bh8 18. a3 b5 19. Qe3 c4 20. dxc4 bxc4 21. Qc5
Rc8 22. Qe3 Rcd8 23. Qc5 Rc8 24. Qe3 Nd5 25. Bxd5 Rxd5 26. Nc3 Rh5 27. Rad1 Ne5
28. Bf4 Nf3+ 29. Nxf3 Bxf3 30. Rd7 e6 31. Ne4 e5 32. Nd6 exf4 33. Qxf4 Bd5 34.
Nxc8 Qxc8 35. Qd6 1-0

[Event "European Championship (blitz) 2015"]
[Site "Minsk BLR"]
[Date "2015.12.18"]
[Round "9"]
[White "Mamedov, Rauf"]
[Black "Andriasian, Zaven"]
[Result "1-0"]
[WhiteElo "2650"]
[BlackElo "2594"]
[PlyCount "106"]
[EventDate "2015.12.18"]

1. e4 d6 2. d4 g6 3. Nc3 Bg7 4. h3 Nd7 5. Nf3 c5 6. Be3 cxd4 7. Nxd4 Ngf6 8. g3
O-O 9. Bg2 Ne5 10. O-O Nc4 11. Bc1 Bd7 12. b3 Ne5 13. Bb2 Rc8 14. Nd5 e6 15.
Nxf6+ Bxf6 16. c4 a6 17. Rc1 Bg7 18. Qd2 Qe7 19. Ba3 Rfd8 20. Kh2 Bf8 21. Rfd1
Be8 22. Qe3 Qc7 23. Bb2 Bg7 24. Ba1 Qa5 25. Bc3 Qc7 26. Qd2 Nc6 27. Nxc6 Bxc6
28. Bxg7 Kxg7 29. h4 h5 30. Qe3 Qe7 31. Rc2 b5 32. cxb5 Bxb5 33. Rxc8 Rxc8 34.
a4 Be8 35. Qd4+ Qf6 36. Qxf6+ Kxf6 37. Rxd6 Rb8 38. Rd3 Ke7 39. e5 a5 40. Rc3
Bd7 41. f4 Kd8 42. Kg1 Rb4 43. Kf2 Rd4 44. Ke3 Rd1 45. Bf3 Rg1 46. Kf2 Rb1 47.
Be4 Rb2+ 48. Ke3 Ke7 49. Bc2 Ra2 50. Rc5 Ra3 51. Kd4 Ra2 52. Be4 Rd2+ 53. Ke3
Rb2 1-0

[Event "European Championship (blitz) 2015"]
[Site "Minsk BLR"]
[Date "2015.12.18"]
[Round "10"]
[White "Andriasian, Zaven"]
[Black "Mamedov, Rauf"]
[Result "1/2-1/2"]
[WhiteElo "2594"]
[BlackElo "2650"]
[PlyCount "90"]
[EventDate "2015.12.18"]

1. e4 c5 2. Nf3 Nc6 3. Bb5 g6 4. Bxc6 dxc6 5. d3 Bg7 6. h3 Nf6 7. Nc3 O-O 8.
Be3 c4 9. dxc4 Qa5 10. O-O Be6 11. Re1 Bxc4 12. Qc1 Rfe8 13. Bh6 Bh8 14. e5 Nd7
15. Qf4 Be6 16. Rad1 Rad8 17. Rd3 Bf5 18. Rde3 Nf8 19. Qh4 Bg7 20. Ng5 Qb6 21.
Rf3 Be6 22. Bxg7 Kxg7 23. Qf4 Bf5 24. g4 Ne6 25. Qc1 Nxg5 26. Qxg5 h6 27. Qc1
Be6 28. Ne2 Bd5 29. Re3 Be6 30. Nf4 Rd4 31. Nxe6+ fxe6 32. Rf3 Rdd8 33. c3 Rf8
34. Ree3 Qc5 35. Rxf8 Rxf8 36. Qd2 Qd5 37. Rd3 Qxe5 38. Rd7 Rf7 39. Rxb7 Kh7
40. Rxa7 Qe4 41. Rd7 Qb1+ 42. Kg2 Qe4+ 43. Kg1 Qb1+ 44. Kg2 Qe4+ 45. Kg1 Qb1+
1/2-1/2

[Event "European Championship (blitz) 2015"]
[Site "Minsk BLR"]
[Date "2015.12.18"]
[Round "11"]
[White "Mamedov, Rauf"]
[Black "Riazantsev, Alexander"]
[Result "1-0"]
[WhiteElo "2650"]
[BlackElo "2646"]
[PlyCount "45"]
[EventDate "2015.12.18"]

1. e4 c6 2. Ne2 d5 3. e5 d4 4. c3 c5 5. b4 cxb4 6. Nxd4 e6 7. Bb5+ Bd7 8. O-O
Bxb5 9. Nxb5 a6 10. Nd4 Ne7 11. Nb3 bxc3 12. Nxc3 Nd5 13. Qg4 Nc6 14. Re1 g6
15. Ne4 h5 16. Qg3 Be7 17. Nd6+ Bxd6 18. exd6 O-O 19. Bb2 Nb6 20. Rac1 e5 21.
Rxe5 Na4 22. Ba1 Kh7 23. Rxh5+ 1-0

[Event "European Championship (blitz) 2015"]
[Site "Minsk BLR"]
[Date "2015.12.18"]
[Round "12"]
[White "Riazantsev, Alexander"]
[Black "Mamedov, Rauf"]
[Result "1-0"]
[WhiteElo "2646"]
[BlackElo "2650"]
[PlyCount "89"]
[EventDate "2015.12.18"]

1. d4 d6 2. e4 e5 3. Nf3 exd4 4. Nxd4 Nf6 5. Nc3 g6 6. Bf4 Bg7 7. Qd2 Nc6 8.
Bb5 Bd7 9. Bxc6 bxc6 10. O-O O-O 11. e5 dxe5 12. Bxe5 c5 13. Nb3 c4 14. Na5 Be6
15. Qxd8 Rfxd8 16. Bxc7 Rd2 17. Rac1 Rc8 18. Bf4 Rd7 19. Rfd1 Re7 20. Bd6 Rd7
21. Bf4 Re7 22. h3 Nh5 23. Be3 Nf6 24. Rd6 Ree8 25. Ra6 Rb8 26. Rxa7 Rxb2 27.
Nc6 h6 28. a4 Kh7 29. Bd4 Rc8 30. Ne7 Rd8 31. Be5 Re8 32. Nc6 Nh5 33. Bxg7 Kxg7
34. a5 Bc8 35. Ra8 Nf4 36. a6 Bd7 37. Rxe8 Bxe8 38. Nd4 Rb8 39. a7 Ra8 40. Ra1
Bd7 41. g3 Nxh3+ 42. Kf1 Ng5 43. Nd5 Bh3+ 44. Kg1 Nf3+ 45. Nxf3 1-0

[Event "European Championship (blitz) 2015"]
[Site "Minsk BLR"]
[Date "2015.12.18"]
[Round "13"]
[White "Savchenko, Boris"]
[Black "Mamedov, Rauf"]
[Result "1/2-1/2"]
[WhiteElo "2612"]
[BlackElo "2650"]
[PlyCount "62"]
[EventDate "2015.12.18"]

1. e4 c5 2. Nf3 d6 3. d4 Nf6 4. Nc3 cxd4 5. Nxd4 g6 6. Be3 Bg7 7. f3 Nc6 8. Qd2
O-O 9. Bc4 Bd7 10. O-O-O Rb8 11. Rhe1 Na5 12. Be2 b5 13. Ndxb5 a6 14. Nd4 Qc7
15. Nb3 Be6 16. Bd4 Bxb3 17. axb3 Rxb3 18. Bxf6 Bxf6 19. Nd5 Bxb2+ 20. Kb1 Rb7
21. Nxc7 Bc3+ 22. Kc1 Bb2+ 23. Kb1 Bc3+ 24. Kc1 Bxd2+ 25. Kxd2 Rxc7 26. Ra1 Nc6
27. Bxa6 Nb4 28. Bd3 Rfc8 29. Rec1 Kg7 30. Rab1 Nxd3 31. cxd3 Rxc1 1/2-1/2

[Event "European Championship (blitz) 2015"]
[Site "Minsk BLR"]
[Date "2015.12.18"]
[Round "14"]
[White "Mamedov, Rauf"]
[Black "Savchenko, Boris"]
[Result "1/2-1/2"]
[WhiteElo "2650"]
[BlackElo "2612"]
[PlyCount "131"]
[EventDate "2015.12.18"]

1. e4 c5 2. Nf3 Nc6 3. Bb5 g6 4. Bxc6 dxc6 5. d3 Bg7 6. h3 Nf6 7. Nc3 b6 8. Be3
e5 9. Qd2 Nd7 10. Bh6 O-O 11. h4 f6 12. Ne2 Rf7 13. Bxg7 Kxg7 14. O-O-O Nf8 15.
h5 g5 16. Ng3 Bg4 17. Rde1 Bxf3 18. gxf3 Ne6 19. Nf5+ Kh8 20. Kb1 Rd7 21. Qc3
a5 22. Rhg1 a4 23. f4 Nxf4 24. Rxg5 fxg5 25. Qxe5+ Kg8 26. Rg1 h6 27. Qxf4 Qf6
28. e5 Qe6 29. Qe4 Rf8 30. Ne3 Rd4 31. Qg2 Rdf4 32. Ng4 Kg7 33. a3 Qd5 34. Qh2
Qd4 35. e6 Re8 36. Ne3 Rxe6 37. Qh3 Ref6 38. Ng4 Rf7 39. Qg3 Rxg4 40. Qxg4 Qxg4
41. Rxg4 b5 42. b3 axb3 43. cxb3 Rxf2 44. a4 Rf8 45. Kc2 Kf6 46. Rg1 Ra8 47.
Ra1 Ke5 48. Kc3 Kd5 49. Rf1 bxa4 50. bxa4 Rxa4 51. Rf6 Ra3+ 52. Kc2 Ra2+ 53.
Kc3 g4 54. Rxh6 Ke5 55. Rxc6 g3 56. Rg6 Kf4 57. h6 Rh2 58. Kc4 Kf3 59. Kxc5 g2
60. d4 Rxh6 61. Rg8 Rh4 62. Rxg2 Kxg2 63. d5 Kf3 64. d6 Rh8 65. d7 Ke4 66. Kd6
1/2-1/2

[Event "European Championship (blitz) 2015"]
[Site "Minsk BLR"]
[Date "2015.12.18"]
[Round "15"]
[White "Movsesian, Sergei"]
[Black "Mamedov, Rauf"]
[Result "1/2-1/2"]
[WhiteElo "2659"]
[BlackElo "2650"]
[PlyCount "76"]
[EventDate "2015.12.18"]

1. e4 c5 2. Nf3 d6 3. d4 Nf6 4. Nc3 cxd4 5. Qxd4 Nc6 6. Bb5 Bd7 7. Bxc6 Bxc6 8.
Bg5 e6 9. Qd3 Be7 10. O-O-O Qa5 11. h4 O-O 12. Nd4 Rfc8 13. f4 Be8 14. Kb1 h6
15. g4 Qa6 16. Qf3 Rc4 17. e5 Rxd4 18. Rxd4 Bc6 19. Qh3 dxe5 20. fxe5 hxg5 21.
hxg5 Bxh1 22. gxf6 gxf6 23. Qxh1 Rd8 24. Rxd8+ Bxd8 25. exf6 Bxf6 26. Ne4 Bg7
27. Qf3 Qc6 28. c3 Qd5 29. a3 b6 30. Kc2 Kf8 31. Qf4 Be5 32. Qh6+ Ke7 33. Qe3
Kf8 34. g5 Bg7 35. Qf4 Be5 36. Qe3 Bg7 37. Qd3 Ke7 38. Qe3 Kf8 1/2-1/2

[Event "European Championship (blitz) 2015"]
[Site "Minsk BLR"]
[Date "2015.12.18"]
[Round "16"]
[White "Mamedov, Rauf"]
[Black "Movsesian, Sergei"]
[Result "1-0"]
[WhiteElo "2650"]
[BlackElo "2659"]
[PlyCount "87"]
[EventDate "2015.12.18"]

1. e4 c5 2. Nf3 e6 3. b3 d6 4. Bb2 e5 5. Bc4 Be6 6. d3 Nc6 7. O-O Be7 8. Nc3
Nf6 9. Nd5 O-O 10. h3 Bxd5 11. Bxd5 Nxd5 12. exd5 Nd4 13. Nd2 Qd7 14. Re1 Rfe8
15. a4 Bf8 16. Nc4 b6 17. Ne3 g6 18. Nc4 Qb7 19. Bxd4 cxd4 20. Qf3 f5 21. g4
Qd7 22. gxf5 gxf5 23. Kh1 Kh8 24. Rg1 Be7 25. Rg3 Rg8 26. Rag1 Bf6 27. Qh5 Rxg3
28. Rxg3 Rg8 29. Rxg8+ Kxg8 30. Qh6 Qe7 31. Kg2 Qd8 32. Kf1 Qe7 33. b4 Qd8 34.
b5 Qe7 35. a5 bxa5 36. Nxa5 e4 37. Nc4 exd3 38. cxd3 Be5 39. Qh5 Qd7 40. Qg5+
Bg7 41. Qg3 Qxb5 42. Qxd6 Qb1+ 43. Kg2 Qxd3 44. Qe6+ 1-0

[Event "European Championship (blitz) 2015"]
[Site "Minsk BLR"]
[Date "2015.12.18"]
[Round "17"]
[White "Mamedov, Rauf"]
[Black "Melkumyan, Hrant"]
[Result "1/2-1/2"]
[WhiteElo "2650"]
[BlackElo "2654"]
[PlyCount "113"]
[EventDate "2015.12.18"]

1. e4 e5 2. Nc3 Nc6 3. g3 Bc5 4. Bg2 a6 5. d3 Nge7 6. Be3 Bxe3 7. fxe3 d6 8.
Nf3 O-O 9. O-O Bg4 10. Qd2 Qd7 11. Nh4 Be6 12. Nd5 Rae8 13. c4 Kh8 14. Rf2 f6
15. Raf1 Nd8 16. Nc3 c6 17. Nf5 Bxf5 18. exf5 d5 19. e4 dxc4 20. dxc4 Qd4 21.
Qxd4 exd4 22. Na4 Nf7 23. Rd2 Rd8 24. Nc5 Ne5 25. b3 b6 26. Nxa6 c5 27. Nc7 Rd7
28. Ne6 Ra8 29. Nf4 Rda7 30. Rff2 N7c6 31. Nd5 Rb8 32. h3 Kg8 33. Bf1 Kf8 34.
Kg2 Ne7 35. Nf4 N7c6 36. g4 Nb4 37. Kg3 Rba8 38. Nd5 Nxd5 39. exd5 Ke7 40. a4
Kd6 41. Rfe2 Re7 42. Re4 Rae8 43. Rd1 h6 44. Ra1 Ra8 45. Rae1 Ree8 46. h4 Rh8
47. Kf4 Rae8 48. Kg3 Ra8 49. Kf4 Rae8 50. Kg3 Re7 51. Kf2 Rhe8 52. Kg3 Rh8 53.
Ra1 Ra8 54. Rae1 Ree8 55. Kf4 Re7 56. Kg3 Rae8 57. Ra1 1/2-1/2

[Event "European Championship (blitz) 2015"]
[Site "Minsk BLR"]
[Date "2015.12.18"]
[Round "18"]
[White "Melkumyan, Hrant"]
[Black "Mamedov, Rauf"]
[Result "0-1"]
[WhiteElo "2654"]
[BlackElo "2650"]
[PlyCount "75"]
[EventDate "2015.12.18"]

1. d4 d6 2. Nf3 g6 3. Bf4 Bg7 4. e3 Nf6 5. h3 O-O 6. Be2 b6 7. O-O Bb7 8. Nbd2
Nbd7 9. Bh2 c5 10. c3 Re8 11. a4 a6 12. Qb3 h6 13. Rfd1 Rb8 14. Nc4 b5 15. axb5
axb5 16. Na5 Bd5 17. Qc2 Be4 18. Qc1 Ra8 19. b4 cxb4 20. cxb4 Rc8 21. Qd2 Rc2
22. Qe1 Qb6 23. Rdc1 Rec8 24. Rxc2 Rxc2 25. Rc1 Rb2 26. Bf1 Nd5 27. Rc6 Qa7 28.
Rc8+ Kh7 29. Nd2 N7f6 30. Qc1 Ra2 31. Nxe4 Nxe4 32. Rc2 Nxb4 33. Rxa2 Nxa2 34.
Qc2 Qxa5 35. Qxe4 Qe1 36. Qd3 Nc3 37. g4 b4 38. Qc2 0-1